World politics in a new era / (Record no. 22981)
[ view plain ]
| 000 -LEADER | |
|---|---|
| fixed length control field | 01918cam a22003255a 4500 |
| 001 - CONTROL NUMBER | |
| control field | 17834005 |
| 005 - DATE AND TIME OF LATEST TRANSACTION | |
| control field | 20161102112613.0 |
| 008 - FIXED-LENGTH DATA ELEMENTS--GENERAL INFORMATION | |
| fixed length control field | 130801s2014 nyuab frb 001 0 eng d |
| 010 ## - LIBRARY OF CONGRESS CONTROL NUMBER | |
| LC control number | 2013030691 |
| 020 ## - INTERNATIONAL STANDARD BOOK NUMBER | |
| International Standard Book Number | 0199965625 |
| 020 ## - INTERNATIONAL STANDARD BOOK NUMBER | |
| International Standard Book Number | 9780199965625 |
| 040 ## - CATALOGING SOURCE | |
| Original cataloging agency | DLC |
| Language of cataloging | eng |
| Transcribing agency | DLC |
| Modifying agency | DLC |
| -- | EG-ScBUE |
| 042 ## - AUTHENTICATION CODE | |
| Authentication code | pcc |
| 082 04 - DEWEY DECIMAL CLASSIFICATION NUMBER | |
| Edition number | 22 |
| Classification number | 327 |
| Item number | WOR |
| 245 00 - TITLE STATEMENT | |
| Title | World politics in a new era / |
| Statement of responsibility, etc | Steven L. Spiegel ... [et al.]. |
| 250 ## - EDITION STATEMENT | |
| Edition statement | 6th ed. |
| 260 ## - PUBLICATION, DISTRIBUTION, ETC. (IMPRINT) | |
| Place of publication, distribution, etc | Oxford : |
| Name of publisher, distributor, etc | Oxford University Press, |
| Date of publication, distribution, etc | 2015. |
| 300 ## - PHYSICAL DESCRIPTION | |
| Extent | xxviii, 564 p. : |
| Other physical details | ill., col. maps ; |
| Dimensions | 23 cm. |
| 500 ## - GENERAL NOTE | |
| General note | Index : p. 546-564. |
| 504 ## - BIBLIOGRAPHY, ETC. NOTE | |
| Bibliography, etc | Bibliography : p. 502-512. |
| 505 ## - FORMATTED CONTENTS NOTE | |
| Formatted contents note | Maps ; Special Features ; Preface ; pt. 1. FOUNDATIONS OF WORLD POLITICS: CHAPTER 1: World Politics: complexity and competing processes -- CHAPTER 2: Theory and World Politics -- CHAPTER 3: World Politics and Economics: 1648-1945 -- CHAPTER 4: World Politics and Economics: The Cold War -- CHAPTER 5: Imperialism and Its Survivors -- CHAPTER 6: Globalization and Fragmentation in a New World Order: 1991 to the Present -- pt. 2. THE MAJOR ISSUES IN WORLD POLITICS: CHAPTER 7: Security Theory in Practice -- CHAPTER 8: Contemporary Security Issues -- CHAPTER 9: World Politics: Trade and Investment -- CHAPTER 10: World Politics: Development -- CHAPTER 11: Human Issues: Demographic Trends -- CHAPTER 12: Resource Issues -- CHAPTER 13: Global Governance: International Law and International Organization -- CHAPTER 14: World Politics in Context. |
| 520 ## - SUMMARY, ETC. | |
| Summary, etc | This primary text for the introductory course in international relations follows a progression of history first, issues second and theory third.<br/> |
| 590 ## - LOCAL NOTE (RLIN) | |
| Local note | Wessam |
| 650 #7 - SUBJECT ADDED ENTRY--TOPICAL TERM | |
| Topical term or geographic name as entry element | World politics. |
| Source of heading or term | BUEsh |
| 9 (RLIN) | 11141 |
| 650 #7 - SUBJECT ADDED ENTRY--TOPICAL TERM | |
| Topical term or geographic name as entry element | Economic history. |
| Source of heading or term | BUEsh |
| 9 (RLIN) | 36878 |
| 651 ## - SUBJECT ADDED ENTRY--GEOGRAPHIC NAME | |
| Source of heading or term | BUEsh |
| 653 ## - INDEX TERM--UNCONTROLLED | |
| Resource For college | BAEPS, Political Science |
| Arrived date list | November2016 |
| 700 1# - ADDED ENTRY--PERSONAL NAME | |
| Personal name | Spiegel, Steven L. |
| 9 (RLIN) | 41647 |
| 942 ## - ADDED ENTRY ELEMENTS (KOHA) | |
| Source of classification or shelving scheme | Dewey Decimal Classification |
| Edition | 22 |
| Call number prefix | 327 WOR |
| Withdrawn status | Item status | Source of classification or shelving scheme | Damaged status | Not for loan | Vendor | Home library | Current library | Shelving location | Date acquired | Source of acquisition | Cost, normal purchase price | Serial Enumeration / chronology | Total Checkouts | Full call number | Barcode | Date last seen | Date last borrowed | Cost, replacement price | Koha item type |
|---|---|---|---|---|---|---|---|---|---|---|---|---|---|---|---|---|---|---|---|
| Dewey Decimal Classification | Baccah | Central Library | Central Library | First floor | 01/11/2016 | Purchase | 756.00 | 3634 | 1 | 327 WOR | 000034234 | 15/07/2025 | 11/12/2017 | 945.00 | Book - Borrowing |